| 000 | 01758nam a2200409 a 4500 | ||
|---|---|---|---|
| 001 | ebr10541132 | ||
| 003 | CaPaEBR | ||
| 006 | m u | ||
| 007 | cr cn||||||||| | ||
| 008 | 120203s2012 iluk sb 001 0 eng d | ||
| 010 | _z 2012001510 | ||
| 020 | _z9780838910740 | ||
| 020 | _z9780838994030 (e-book) | ||
| 040 |
_aCaPaEBR _cCaPaEBR |
||
| 035 | _a(OCoLC)780446409 | ||
| 043 | _an-us--- | ||
| 050 | 1 | 4 |
_aZ683 _b.D58 2012eb |
| 082 | 0 | 4 |
_a025.1/1 _223 |
| 100 | 1 | _aDitzler, Pat. | |
| 245 | 1 | 2 |
_aA book sale how-to guide _h[electronic resource] : _bmore money, less stress / _cPat Ditzler, JoAnn Dumas. |
| 260 |
_aChicago : _bAmerican Library Association, _c2012. |
||
| 300 |
_axiv, 97 p. : _bforms. |
||
| 504 | _aIncludes bibliographical references and index. | ||
| 505 | 0 | _aThe main attraction -- Setting the scene -- Directing the show -- Casting call -- Production -- Ticket price -- Venue and promotion -- Showtime -- Box office receipts -- Encore! Encore!. | |
| 533 |
_aElectronic reproduction. _bPalo Alto, Calif. : _cebrary, _d2011. _nAvailable via World Wide Web. _nAccess may be limited to ebrary affiliated libraries. |
||
| 650 | 0 | _aLibrary fund raising. | |
| 650 | 0 |
_aSelling _xBooks. |
|
| 650 | 0 | _aFriends of the library. | |
| 650 | 0 |
_aLibrary fund raising _zUnited States _vCase studies. |
|
| 650 | 0 |
_aFriends of the library _zUnited States _vCase studies. |
|
| 650 | 0 |
_aSelling _xBooks _zUnited States _vCase studies. |
|
| 650 | 0 |
_aLibraries and community _zUnited States _vCase studies. |
|
| 655 | 7 |
_aElectronic books. _2local |
|
| 700 | 1 | _aDumas, JoAnn. | |
| 710 | 2 | _aebrary, Inc. | |
| 856 | 4 | 0 |
_uhttp://site.ebrary.com/lib/rucke/Doc?id=10541132 _zAn electronic book accessible through the World Wide Web; click to view |
| 999 |
_c246924 _d246924 |
||